logo

Bir Sreshtho Munshi Abdur Rouf Library
Jhenaidah Cadet College

War and secession : (Record no. 10288)

MARC details
000 -LEADER
fixed length control field 01077nam a2200313 a 4500
001 - CONTROL NUMBER
control field 10288
003 - CONTROL NUMBER IDENTIFIER
control field BD-JhCC
005 - DATE AND TIME OF LATEST TRANSACTION
control field 20180523105558.0
008 - FIXED-LENGTH DATA ELEMENTS--GENERAL INFORMATION
fixed length control field 180423s1990 caub b s001 0 eng
010 ## - LIBRARY OF CONGRESS CONTROL NUMBER
LC control number 89032545
020 ## - INTERNATIONAL STANDARD BOOK NUMBER
International Standard Book Number 0520062809 (alk. paper)
020 ## - INTERNATIONAL STANDARD BOOK NUMBER
International Standard Book Number 0520076656
035 ## - SYSTEM CONTROL NUMBER
System control number (BD-JhCC)10288
040 ## - CATALOGING SOURCE
Original cataloging agency DLC
Transcribing agency DLC
Modifying agency DLC
-- BD-JhCC
043 ## - GEOGRAPHIC AREA CODE
Geographic area code az-----
050 00 - LIBRARY OF CONGRESS CALL NUMBER
Classification number DS395.5
Item number .S59 1990
082 00 - DEWEY DECIMAL CLASSIFICATION NUMBER
Classification number 954.9205
Edition number 20
Item number SIS 1990
100 1# - MAIN ENTRY--PERSONAL NAME
Personal name Sisson, Richard,
Dates associated with a name 1936-
245 10 - TITLE STATEMENT
Title War and secession :
Remainder of title Pakistan, India, and the creation of Bangladesh /
Statement of responsibility, etc. Richard Sisson and Leo E. Rose.
260 ## - PUBLICATION, DISTRIBUTION, ETC.
Place of publication, distribution, etc. Berkeley :
Name of publisher, distributor, etc. University of California Press,
Date of publication, distribution, etc. c1990.
300 ## - PHYSICAL DESCRIPTION
Extent xiii, 338 p. :
Other physical details map ;
Dimensions 24 cm.
504 ## - BIBLIOGRAPHY, ETC. NOTE
Bibliography, etc. note Includes bibliographical references (p. 327-331).
650 #0 - SUBJECT ADDED ENTRY--TOPICAL TERM
Topical term or geographic name entry element India-Pakistan Conflict, 1971.
651 #0 - SUBJECT ADDED ENTRY--GEOGRAPHIC NAME
Geographic name Bangladesh
General subdivision History
Chronological subdivision Revolution, 1971.
651 #0 - SUBJECT ADDED ENTRY--GEOGRAPHIC NAME
Geographic name South Asia
General subdivision Politics and government.
700 1# - ADDED ENTRY--PERSONAL NAME
Personal name Rose, Leo E.
942 ## - ADDED ENTRY ELEMENTS (KOHA)
Source of classification or shelving scheme Dewey Decimal Classification
Koha item type Books
Holdings
Withdrawn status Lost status Source of classification or shelving scheme Damaged status Not for loan Home library Current library Shelving location Date acquired Cost, normal purchase price Total Checkouts Full call number Barcode Date last seen Copy number Price effective from Koha item type
    Dewey Decimal Classification     JCC Rouf Library JCC Rouf Library General Stacks 04/23/2018 738.00   954.9205 SIS 1990 13626 04/23/2018 C-1 04/23/2018 Books

JCC Library | Contacts | JCC Home

Last Update on 23 September 2017
Copyright @ 2017-2020 JCC Rouf Library
Rouf Library, Jhenidah Cadet College (JCC), Bangladesh